书目信息 |
| 题名: |
搏击抓法
|
|
| 作者: | 栗胜夫 编著 | |
| 分册: | ||
| 出版信息: | 北京 北京体育大学出版社 1996 |
|
| 页数: | 199页 | |
| 开本: | 19cm | |
| 丛书名: | ||
| 单 册: | ||
| 中图分类: | G852.4 | |
| 科图分类: | ||
| 主题词: | 攻防(武术)--手法(武术)--中国 | |
| 电子资源: | ||
| ISBN: | 7-81051-067-3 | |
| 000 | 00547nam0 2200193 45 | |
| 001 | 0197009776 | |
| 005 | 20040127001541.2 | |
| 010 | @a7-81051-067-3@dCNY8.80 | |
| 100 | @a19970320d1996 em y0chiy0120 ea | |
| 101 | 0 | @achi |
| 105 | @af z 000yy | |
| 200 | 10 | @a搏击抓法@Abo ji zhua fa@f栗胜夫等编著 |
| 210 | @a北京@c北京体育大学出版社@d1996 | |
| 215 | @a199页@c插图@d19cm | |
| 606 | @a攻防(武术)@x手法(武术)@y中国 | |
| 690 | @aG852.4@v4 | |
| 701 | 0 | @a栗胜夫@Ali sheng fu@4编著 |
| 801 | 0 | @aCN@bNLC@c19970508 |
| 905 | @b332539-543@dG852.4@e103@f5 | |
| 搏击抓法/栗胜夫等编著.-北京:北京体育大学出版社,1996 |
| 199页:插图;19cm |
| ISBN 7-81051-067-3:CNY8.80 |
| ● |
| 相关链接 |
|
|
|
|
正题名:搏击抓法
索取号:G852.4/103
 
预约/预借
| 序号 | 登录号 | 条形码 | 馆藏地/架位号 | 状态 | 备注 |
| 1 | 0332539 | 203325393 | 第四借阅区/ [索取号:G852.4/103] | 在馆 | |
| 2 | 0332540 | 203325400 | 第四借阅区/ [索取号:G852.4/103] | 在馆 | |
| 3 | 0332541 | 203325419 | 第四借阅区/ [索取号:G852.4/103] | 在馆 | |
| 4 | 0332542 | 203325428 | 第四借阅区/ [索取号:G852.4/103] | 在馆 | |
| 5 | 0332543 | 203325437 | 第一样本阅览室/ [索取号:G852.4/103] | 在馆 |